Pays avec plus de voyelles que de consonnes - Statistiques

Statistiques générales
  • Ce quiz a été pris 154 fois
    112 depuis la dernière actualisation
  • Le résultat moyen est 37 sur 58
Statistiques - réponses
Réponse % Correct
Uruguay
79%
Venezuela
78%
Australie
76%
Italie
76%
Paraguay
76%
Suède
75%
Tunisie
74%
Algérie
73%
Pérou
73%
Libye
72%
Guinée
71%
Nicaragua
71%
Indonésie
70%
Ukraine
70%
Vanuatu
70%
Erythrée
69%
Guyana
69%
Guinée-Bissau
67%
Guinée-Equatoriale
67%
Haïti
67%
Royaume-Uni
67%
Albanie
66%
Guatemala
66%
Syrie
66%
Turquie
66%
Biélorussie
65%
Bolivie
65%
Lituanie
65%
Nauru
65%
Arabie Saoudite
64%
Samoa
64%
Arménie
63%
Equateur
63%
Ethiopie
63%
Kenya
63%
Jamaïque
61%
Ouganda
61%
Roumanie
60%
Croatie
57%
Mauritanie
57%
Sainte-Lucie
57%
Somalie
57%
Yémen
57%
Géorgie
56%
Malaisie
56%
Sierra Leone
56%
Maurice
54%
Nigeria
54%
Papouasie-Nouvelle-Guinée
54%
Macédoine
53%
Mexique
53%
Namibie
52%
Dominique
51%
République Dominicaine
51%
Slovaquie
48%
Koweït
47%
Liberia
47%
Côte-d'Ivoire
45%
Aucun quiz correspondant
Distribution des résultats
% des personnes avec chaque résultat
Percentile par nombre de réponses
Votre historique - résultats
Vous n’avez pas pris ce quiz depuis la dernière actualisation